[Rezension von: Ortuzar, Mónica, Beuysiana]

Gespeichert in:
Bibliographische Detailangaben
Veröffentlicht in:Revista de bellas artes 12(2014), Seite 233-235
VerfasserIn: Buxán Bran, Xosé M. (VerfasserIn)
Dokumenttyp: Online-Ressource Aufsatz
Sprache:Spanish
Veröffentlicht: 2014
Schlagwörter:
Online Zugang:kostenfrei
Bibliogr. Hinweis:Enthalten in: Revista de bellas artes
Rezension von: Beuysiana
Verantwortlich:Xosé M. Buxán Bran
LEADER 01591naa a2200337 c 4500
001 1931778701
003 DE-627
005 20250725112118.0
007 cr uuu---uuuuu
008 250725s2014 xx |||||oo 00| ||spa c
035 |a (DE-627)1931778701 
035 |a (DE-599)KXP1931778701 
040 |a DE-627  |b ger  |c DE-627  |e rda 
041 |a spa 
084 |a KUNST  |q DE-16  |2 fid 
100 1 |a Buxán Bran, Xosé M.  |e VerfasserIn  |0 (DE-588)1023547937  |0 (DE-627)718403878  |0 (DE-576)366953478  |4 aut 
245 1 0 |a [Rezension von: Ortuzar, Mónica, Beuysiana]  |c Xosé M. Buxán Bran 
264 1 |c 2014 
300 |b Illustrationen 
336 |a Text  |b txt  |2 rdacontent 
337 |a Computermedien  |b c  |2 rdamedia 
338 |a Online-Ressource  |b cr  |2 rdacarrier 
655 7 |a Rezension  |0 (DE-588)4049712-4  |0 (DE-627)106186019  |0 (DE-576)209083166  |2 gnd-content 
773 0 8 |i Enthalten in  |t Revista de bellas artes  |d La Laguna : Servicio de Publ., 2002  |g 12(2014), Seite 233-235  |h Online-Ressource  |w (DE-627)780895665  |w (DE-600)2761526-1  |w (DE-576)402978188  |7 nnas 
773 1 8 |g volume:12  |g year:2014  |g pages:233-235 
787 0 8 |i Rezension von  |a Ortuzar, Mónica, 1964 -   |t Beuysiana  |d Vigo : Servizo de Publ. da Univ. de Vigo, 2011  |h 149 S.  |w (DE-627)730740056  |w (DE-576)377930741  |z 9788481585650  |z 8481585653 
856 4 0 |u https://www.ull.es/revistas/index.php/artes/article/view/6647  |x Verlag  |z kostenfrei  |3 Volltext  |7 0 
951 |a AR 
994 |u https://www.ull.es/revistas/index.php/artes/article/download/6647/4527/ 
991 |a Rezension (Monographie, Zeitschrift, Aufsatz) 
999 |a KXP-PPN1931778701  |e 492349722X